Statistics for Island Nations by Island Group or Archipelago

Click here to take the quiz!

General Stats

  • This quiz has been taken 58 times
  • The average score is 28 of 30

Answer Stats

Answer% Correct
Cuba
100%
Jamaica
100%
Barbados
98%
Dominican Republic
98%
Dominica
96%
Haiti
96%
Palau
96%
Federated States of Micronesia
94%
Grenada
94%
Kiribati
94%
Marshall Islands
94%
Nauru
94%
St Kitts and Nevis
94%
St Lucia
94%
Tonga
94%
Antigua and Barbuda
93%
Brunei
93%
East Timor
93%
Fiji
93%
Indonesia
93%
Samoa
93%
Solomon Islands
93%
St Vincent and the Grenadines
93%
Tuvalu
93%
Vanuatu
93%
Philippines
91%
Singapore
91%
Trinidad and Tobago
91%
New Zealand
89%
Papua New Guinea
89%

Score Distribution

Percentile by Number Answered

Percent of People with Each Score

Your Score History

You have not taken this quiz